Phù sa cát
v.v..
Đã lưu trong:
| Tác giả chính: | |
|---|---|
| Định dạng: | Sách |
| Năm xuất bản: |
Huế
Thuận hoá
2010
|
| Chủ đề: | |
| Tags: |
Thêm thẻ
Không có thẻ, Hãy là người đầu tiên gắn thẻ bản ghi này!
|
| LEADER | 01364nam a2200253 4500 | ||
|---|---|---|---|
| 082 | |a 895.92208 |b PH500s | ||
| 100 | |a Nguyễn Văn Dinh | ||
| 245 | |a Phù sa cát |c Nguyễn Văn Dinh, Hải Kỳ, Văn Lợi | ||
| 260 | |a Huế |b Thuận hoá |c 2010 | ||
| 300 | |a 188 tr. |c 19 cm. | ||
| 500 | |a Đầu trang tên sách ghi: Chi hội nhà văn Việt Nam tại Quảng Bình | ||
| 520 | |a v.v.. | ||
| 653 | |a Văn học hiện đại | ||
| 653 | |a Việt Nam | ||
| 653 | |a Truyện ngắn | ||
| 653 | |a Thơ | ||
| 653 | |a Bút ký | ||
| 942 | |2 ddc |c STK0 | ||
| 999 | |c 4754 |d 4754 | ||
| 952 | |0 0 |1 0 |2 ddc |4 0 |6 895_922080000000000_PH500S |7 0 |8 800 |9 44892 |a qbu |b qbu |c D5 |d 2014-12-20 |g 50000 |o 895.92208 PH500s |p 784.c1 |r 0000-00-00 |w 2014-12-20 |y STK0 | ||
| 952 | |0 0 |1 0 |2 ddc |4 0 |6 895_922080000000000_PH500S |7 0 |8 800 |9 44893 |a qbu |b qbu |c D5 |d 2014-12-20 |g 50000 |o 895.92208 PH500s |p 784.c2 |r 0000-00-00 |w 2014-12-20 |y STK0 | ||
| 952 | |0 0 |1 0 |2 ddc |4 0 |6 895_922080000000000_PH500S |7 0 |8 800 |9 44894 |a qbu |b qbu |c D5 |d 2014-12-20 |g 50000 |o 895.92208 PH500s |p 784.c3 |r 0000-00-00 |w 2014-12-20 |y STK0 | ||
| 952 | |0 0 |1 0 |2 ddc |4 0 |6 895_922080000000000_PH500S |7 0 |8 800 |9 44895 |a qbu |b qbu |c D5 |d 2014-12-20 |g 50000 |o 895.92208 PH500s |p 784.c4 |r 0000-00-00 |w 2014-12-20 |y STK0 | ||
| 952 | |0 0 |1 0 |2 ddc |4 0 |6 895_922080000000000_PH500S |7 0 |8 800 |9 44896 |a qbu |b qbu |c D5 |d 2014-12-20 |g 50000 |o 895.92208 PH500s |p 784.c5 |r 0000-00-00 |w 2014-12-20 |y STK0 | ||